| 000 -LEADER |
| fixed length control field |
01202pab a2200193 454500 |
| 008 - FIXED-LENGTH DATA ELEMENTS--GENERAL INFORMATION |
| fixed length control field |
180718b2010 xxu||||| |||| 00| 0 eng d |
| 100 ## - MAIN ENTRY--PERSONAL NAME |
| Personal name |
Maria de-Miguel-Molina |
| 245 ## - TITLE STATEMENT |
| Title |
E-government in Spain: an analysis of the right to quality e-government |
| 260 ## - PUBLICATION, DISTRIBUTION, ETC. |
| Date of publication, distribution, etc. |
2010 |
| 300 ## - PHYSICAL DESCRIPTION |
| Extent |
p.1-10 |
| 362 ## - DATES OF PUBLICATION AND/OR SEQUENTIAL DESIGNATION |
| Dates of publication and/or sequential designation |
Jan |
| 520 ## - SUMMARY, ETC. |
| Summary, etc. |
The purpose of this article is to analyze the right to quality e-Government in Spain from the perspective of the New Public Management and Governance paradigms. We question whether Spain's e-Government is ready to guarantee citizens' rights to e-Government and to increase citizens' participation. We conclude that due to the incipient development of Spanish e-Government, the e-Government law is perhaps better suited to the medium/long term than to the present and that it is also too early to evaluate the progress of e-Governance in Spain. We have also concluded that we have no control over how fast technology will continue to change in the ICT sector. - Reproduced. |
| 650 ## - SUBJECT ADDED ENTRY--TOPICAL TERM |
| Topical term or geographic name entry element |
Public administration - Spain |
| 650 ## - SUBJECT ADDED ENTRY--TOPICAL TERM |
| Topical term or geographic name entry element |
E governance - Spain |
| 650 ## - SUBJECT ADDED ENTRY--TOPICAL TERM |
| Topical term or geographic name entry element |
E governance |
| 773 ## - HOST ITEM ENTRY |
| Main entry heading |
International Journal of Public Administration |
| 908 ## - PUT COMMAND PARAMETER (RLIN) |
| Put command parameter |
N |
| 909 ## - |
| -- |
86084 |